The Seven Summits - Statistics

General Stats
  • This quiz has been taken 44 times
  • The average score is 7 of 9
Answer Stats
Elevation Country Answer % Correct
8,849 m29,032 ft ChinaNepal Mount Everest
100%
6,194 m20,322 ft United States Denali
97%
5,895 m19,341 ft Tanzania Kilimanjaro
97%
4,810 m15,781 ft FranceItaly Mont Blanc
82%
5,642 m18,510 ft Russia Mount Elbrus
82%
6,961 m22,838 ft Argentina Aconcagua
79%
4,892 m16,050 ft Mount Vinson
52%
4,884 m16,024 ft Indonesia Puncak Jaya
45%
2,228 m7,310 ft Australia Mount Kosciuszko
33%
No matching quizzes found
Score Distribution
Percent of People with Each Score
Percentile by Number Answered
Your Score History
You have not taken this quiz